Experiências simples de ciência com materiais disponíveis (Registo nº 607)
[ vista simples ]
| 000 -Etiqueta do registo | |
|---|---|
| Cabeçalho | 00964cam a2200337 4500 |
| 005 - Identificador da versão | |
| Campo de controlo | 20240813121807.0 |
| 095 ## - | |
| -- | PTBN01024582 |
| 010 ## - Número internacional normalizado dos livros (ISBN) | |
| Número (ISBN) | 9722510320 |
| 021 ## - Número do Depósito Legal | |
| Código do país | PT |
| Número | 124190/98 |
| 035 ## - Other System Control Numbers | |
| System Control Number | 0000634 |
| System Control Number | 0000630 |
| System Control Number | 0000630 |
| System Control Number | 0000618 |
| 100 ## - Dados gerais de processamento | |
| Dados gerais de processamento | 19981120d1998 m y0pory5003 ba |
| 102 ## - Pais de publicação ou produção | |
| País de publicação | Portugal |
| 101 1# - Língua de publicação | |
| Língua do texto, banda sonora, etc. | Português |
| Língua do documento no original | Inglês |
| 106 ## - Campo de dados codificados: material textual | |
| Dados codificados do material textual | r |
| 105 ## - Campo de dados codificados: livros | |
| Dados codificados dos livros | a z 001aa |
| 215 ## - Descrição física | |
| Indicação específica da natureza do documento e extensão da espécie | 131 p. |
| Outras indicações físicas | il. |
| Dimensões | 21 cm |
| 200 1# - Titulo e menção de responsabilidade | |
| Título próprio | Experiências simples de ciência com materiais disponíveis |
| Primeira menção de responsabilidade | Muriel Mandell |
| Outras menções de responsabilidade | trad. Joaquim Nogueira Gil |
| 205 ## - Menção da edição | |
| Menção da edição | 2ª ed |
| 210 ## - Publicação, Distribuição, etc. | |
| Lugar da edição, distribuição, etc. | Venda Nova |
| Nome do editor, distribuidor, etc. | Bertrand |
| Data da publicação, distribuição, etc. | D.L. 1998 |
| 304 ## - Notas relativas a título e menção de responsabilidade | |
| Texto da nota | Tít. orig.: Simple science experiments with everyday materials |
| 675 ## - Classificação Decimal Universal (CDU) | |
| Notação | 001.8 |
| Edição | BN |
| Língua da edição | por |
| Notação | 087.5 |
| Edição | BN |
| Língua da edição | por |
| Edição | BN |
| Língua da edição | por |
| 702 #1 - Nome de autor-pessoa física (responsabilidade secundária) | |
| Número de registo de entrada de autoridade | 0000734 |
| Palavra de ordem | Gil |
| Outra parte do nome não tomada para palavra de ordem | Joaquim António Nogueira |
| Código de função | Tradutor |
| 700 #1 - Nome de autor-pessoa física (responsabilidade principal) | |
| Número de registo de entrada de autoridade | 0000733 |
| Palavra de ordem | Mandell |
| Outra parte do nome não tomada para palavra de ordem | Muriel |
| 942 ## - Elementos de entrada adicionados (Koha) | |
| Tipo de item no Koha | Livro |
| Situação do levantamento | Origin of item (home branch) (coded) | Biblioteca de empréstimo | Código de barras | Circulation type (not for loan) | Tipo de documento | Nota do exemplar | Damaged status |
|---|---|---|---|---|---|---|---|
| Biblioteca Escolar Eng. Nuno Mergulhão | Biblioteca Escolar Eng. Nuno Mergulhão | BENM45 | Livro | Sem mensagem |
